000 00742nam a2200229 a 4500
999 _c7350
_d7350
001 7350
003 BD-JhCC
005 20180208094913.0
008 180208s2003 bg a|||| ||a| 000 0 ben d
035 _a(BD-JhCC)7350
040 _aBD-JhCC
_dBD-JhCC
041 _aben
082 _a320.014
_bVAS 2003
245 _aভাষা আন্দোলনের পঞ্চাশ বছর /
_cআহমেদ রফিক ও বিশ্বজিৎ ঘোষ
260 _aঢাকা :
_bমাওলা ব্রাদার্স,
_c2003
300 _a359 p. :
_c24 cm.
650 _aLanguage Movement
700 _aরফিক, আহমেদ
700 _aঘোষ, বিশ্বজিৎ
942 _2ddc
_cBK